1182 1994 1121 1715 1509 1105 1665 1591 1981 1402 1563 1674 1504 1180 1447 1802 1074 1810 1539 1040 1772 1895 1412 1333 1599 1246 1429 1650 1298 1096 1362 1375 1693 1632 1710 1279 1817 1918 1659 1622 1987 1419 1788 1349 1900 1832 1344 1698 1391 1269 1001 1583 1722 1047 1751 1638 1538 1153 1126 1410 1949 1287 1448 1329 1314 1941 1146 1134 1023 1248 1852 1513 1944 1714 1169 1095 1366 1409 1367 1654 1337 1998 1118 1351 1313 1917 1487 1554 1096 1501 1392 1382 1979 1572 1530 1026 1820 1351 1155 BCNSPRNW ULIB Ver.6.0+V

เปลี่ยนเป็นภาษาไทย

Change to English
 แสดงรายละเอียดบรรณานุกรม
  กลับหน้าหลัก

Brief Record : Get Marc (ISO 2709) : E-mail record : QR code < ปิดหน้าต่าง
LEADER : 00000nam 2200000uu 4500
001    13399127497
003     ULIB
008    200617s2562||||th 000 0 tha d
020    ู^a9786168244005
050  0 ^aกว^bก767ร
100    ^aเกรียงไกร หัวบุญศาล
245    ^aรวมบทกวีนิพนธ์ กระจ่างทั้งทิวาและราตรี
250    ^aพิมพ์ครั้งที่ 1
260    ^aกรุงเทพฯ :^bสื่อสารวิชาการ,^c2562
300    ^a128 หน้า;^b21 ซม.
650    ^aกวีนิพนธ์
945    ^p120^l0^i28403
999    ^aกัณชพร จุลอักษร
รายการนี้ยังไม่มีแท็ก
คุณยังไม่ได้ล็อกอิน คุณสามารถมีกิจกรรมร่วมกับเว็บไซต์ได้ แต่ต้องล็อกอินก่อน ::
  ล็อกอิน

รายการสื่อสารสนเทศ

ลำดับที่ ประเภท เลขเรียก/บาร์โค้ด สถานที่ สถานะ
1. นวนิยาย
นวนิยาย
กว ก767ร ฉ.1 
  Barcode: 28403
ห้องสมุดวิทยาเขตนครสวรรค์
►หนังสือทั่วไป:l:General Books
บนชั้น

รายการใกล้เคียง
    ชื่อเรื่อง [รวมบทกวีนิพนธ์ กระจ่างทั้งทิวาและราตรี]

    หัวเรื่อง [กวีนิพนธ์]

BibComment


ยังไม่เคยถูกคอมเมนท์

คอมเมนท์ทรัพยากรรายการนี้
  คอมเมนท์: รวมบทกวีนิพนธ์ ก..


 Copyright 2026. Bcnsprnw @Library